000 00278nam a2200121 i 4500
001 bg
245 0 _aInternational Association for Shell Structures.
260 _aHungary,
_c1970.
040 _cBPK
041 _apol
942 _cKS
008 s pl f |000 0 pol
999 _c14759
_d14759
856 _uhttp://koha.tu.koszalin.pl/cgi-bin/koha/opac-detail.pl?biblionumber=14759
_yKatalog online BPK